| 000 | 01596cam a22004457a 4500 | ||
|---|---|---|---|
| 001 | 000092571 | ||
| 003 | CHAP | ||
| 005 | 20240502142810.0 | ||
| 008 | 041118d2004 mx r 00110 spa d | ||
| 010 | _a89037 | ||
| 011 | _a90009 | ||
| 035 | _a100565 | ||
| 040 | _cCHAP | ||
| 090 | _aTesis | ||
| 100 | 0 | 0 |
_aMota Alvarado, Javier _979051 |
| 245 | 1 | 0 |
_aUso de modelos en tercera dimensión, como medios de enseñanza para el logro de aprendizajes significativos, en la asignatura de biología II que se imparte en la preparatoria agrícola de la UACH. / _c/por Javier Mota Alvarado. |
| 260 |
_aChapingo, Méx. : _bEl autor, _c2004. |
||
| 300 |
_a82 h. : _bilus.; gráfs.; cuadros. |
||
| 502 | _aTesis (Maestro en Procesos Educativos) -- UACH. Centro de Educación Continua | ||
| 590 |
_aALEPH _b10 _c20130110 |
||
| 590 |
_aBATCH-UPD _b10 _c20130110 |
||
| 590 |
_aBATCH-UPD _b10 _c20130410 |
||
| 590 |
_aBATCH-UPD _b10 _c20130914 |
||
| 590 |
_aBATCH-UPD _b10 _c20140324 |
||
| 590 |
_aBATCH-UPD _b10 _c20141002 |
||
| 590 |
_aCONVERSION _b10 _c20130109 |
||
| 590 |
_aE11695DGD _b10 _c20170209 |
||
| 590 |
_aE12093SGE _b10 _c20130621 |
||
| 650 | 1 | 4 |
_aAprendizaje. _96370 |
| 650 | 1 | 4 |
_aBiología _xEstudio y enseñanza. _912782 |
| 650 | 1 | 4 |
_aEnseñanza. _937085 |
| 650 | 1 | 4 |
_aUACH _xEstudiantes. _9115802 |
| 856 |
_uhttp://10.13.5.2/tesis/100565.pdf _zDESCARGAR PDF |
||
| 901 | _aBK | ||
| 905 | _aElisama A. H. | ||
| 942 |
_cCD _2ddc |
||
| 942 |
_n0 _2ddc |
||
| 949 |
_aTesis _bBC _cTES _d100565 _eTS1 _h42498 _i100565 _sb |
||
| 949 |
_aTesis _bBC _cTES _d33724000871679 _eTS2 _fc.2 _h42499 _i100565 _si |
||
| 999 |
_c89037 _d89037 |
||